ბათუმის შოთა რუსთაველის სახელმწიფო უნივერსიტეტის ბიბლიოთეკა

Reforming the European Union : (ბიბ.ჩანაწერი № 57968)

000 -LEADER
fixed length control field 00893cam a2200205 i 4500
001 - CONTROL NUMBER
control field 17123678
005 - DATE AND TIME OF LATEST TRANSACTION
control field 20221114121928.0
008 - FIXED-LENGTH DATA ELEMENTS--GENERAL INFORMATION
fixed length control field 120117s2012 njua b 001 0 eng
020 ## - INTERNATIONAL STANDARD BOOK NUMBER
International Standard Book Number 9780691153926x
041 ## - LANGUAGE CODE
Language code of text/sound track or separate title eng
080 ## - UNIVERSAL DECIMAL CLASSIFICATION NUMBER
Universal Decimal Classification number 327(4) R-30
100 1# - MAIN ENTRY--PERSONAL NAME
Personal name Finke, Daniel.
9 (RLIN) 11309
245 10 - TITLE STATEMENT
Title Reforming the European Union :
Remainder of title realizing the impossible /
Statement of responsibility, etc. Daniel Finke, Thomas König, Sven-Oliver Proksch, and George Tsebelis.
264 #1 - PRODUCTION, PUBLICATION, DISTRIBUTION, MANUFACTURE, AND COPYRIGHT NOTICE
Place of production, publication, distribution, manufacture Princeton :
Name of producer, publisher, distributor, manufacturer Princeton University Press,
Date of production, publication, distribution, manufacture, or copyright notice [2012]
300 ## - PHYSICAL DESCRIPTION
Extent xvi, 227 pages :
Other physical details illustrations ;
Dimensions 24 cm.
653 ## - INDEX TERM--UNCONTROLLED
keyword Reforming the European Union : Realizing the Impossible
653 ## - INDEX TERM--UNCONTROLLED
keyword ევროკავშირის რეფორმირება : შეუძლებელია
653 ## - INDEX TERM--UNCONTROLLED
keyword Реформирование Европейского Союза : реализация невозможного
942 ## - ADDED ENTRY ELEMENTS (KOHA)
Source of classification or shelving scheme
Koha item type წიგნი
ეგზემპლარები
Withdrawn status Lost status Source of classification or shelving scheme Damaged status Not for loan Permanent Location Current Location Shelving location Date acquired Cost, normal purchase price Full call number Barcode Date last seen Copy number Price effective from Koha item type Public note
          ბათუმის შოთა რუსთაველის სახელმწიფო უნივერსიტეტის მთავარი ბიბლიოთეკა ბათუმის შოთა რუსთაველის სახელმწიფო უნივერსიტეტის მთავარი ბიბლიოთეკა წიგნსაცავი 2021-04-13 55.00 327(4) R-30 54170 2021-04-13 54170 2021-04-13 წიგნი 55.00 GEL.
          ბათუმის შოთა რუსთაველის სახელმწიფო უნივერსიტეტის მთავარი ბიბლიოთეკა ბათუმის შოთა რუსთაველის სახელმწიფო უნივერსიტეტის მთავარი ბიბლიოთეკა წიგნსაცავი 2021-04-13 55.00 327(4) R-30 54171 2021-04-13 54171 2021-04-13 წიგნი 55.00 GEL.